Boundary value problems for elliptic pseudodifferential equations /
Guardado en:
| Autor Principal: | |
|---|---|
| Formato: | Libro |
| Idioma: | English Russian |
| Publicado: |
Providence, R. I. :
American Mathematical Society,
c1981.
|
| Series: | Translations of mathematical monographs ;
v. 52 |
| Materias: | |
| Etiquetas: |
Agregar Etiqueta
Sin Etiquetas, Sea el primero en etiquetar este registro!
|
| LEADER | 01060cam a2200277 a 4500 | ||
|---|---|---|---|
| 001 | MAT.inmabb006241 | ||
| 008 | 801117s1981####riu######b####001#0#eng## | ||
| 005 | 20130318151226.0 | ||
| 245 | 1 | 0 | |a Boundary value problems for elliptic pseudodifferential equations / |c by G.I. Eskin. |
| 260 | |a Providence, R. I. : |b American Mathematical Society, |c c1981. | ||
| 300 | |a x, 375 p. ; |c 24 cm. | ||
| 440 | 0 | |a Translations of mathematical monographs ; |v v. 52 | |
| 500 | |a Traducción de: Kraevye zadachi dlia ellipticheskikh psevdodifferentsial'nykh urvanenii. | ||
| 504 | |a Bibliografía: p. 363-368. | ||
| 500 | |a Incluye índice. | ||
| 510 | 4 | |a MR, |c 82k:35105 | |
| 020 | |a 0821845039 | ||
| 100 | 1 | |a Eskin, G. I. |q (Grigorii Il'ich) | |
| 240 | 1 | 0 | |a Kraevye zadachi dlia ellipticheskikh psevdodifferentsial'nykh uravenenii. |l Inglés |
| 650 | 0 | |a Boundary value problems. | |
| 650 | 0 | |a Pseudodifferential operators. | |
| 084 | |a 35S15 (47G30) |2 msc2000 | ||
| 010 | |a 80039789 | ||
| 040 | |a DLC |c DLC |d DLC | ||
| 041 | 1 | |a eng |h rus | |
| 859 | |h 35 |i Es75 |p A-5655 |b BIB. MATEMATICA | ||
